• 首页
  • 本馆介绍
  • 公告通知
  • 最新文献
  • 馆藏检索
  • 电子资源
  • 读者导购
  • 参考咨询
  • 我的图书馆
  • 登录
  • 详细信息显示
  • 放入我的书架
  • 预约/预借图书
  • 作者相关作品
  • 分类相关作品
  • 丛书相关作品
  • 出版社相关作品

书目信息

  • 表格格式
  • 工作单格式
  • 卡片格式
题名:
化肥减施增效技术社会经济效果评价指标体系构建及应用研究
    
 
作者: 罗良国 著
分册:  
出版信息: 北京   中国农业科学技术出版社  2021.12
页数: 124页
开本: 24cm
丛书名:
单 册:
中图分类: S143
科图分类:
主题词: 化学肥料--hua xue fei liao--施肥--经济效果--经济评价--研究--中国
电子资源:
ISBN: 978-7-5116-5621-6
000 01163nam0 2200241 450
001 CAL 0120227389240
005 20230217093112.0
010    @a978-7-5116-5621-6@dCNY65.00
100    @a20220422d2021 em y0chiy0120 ea
101 0  @achi
102    @aCN@b110000
105    @aak a 000yy
106    @ar
200 1  @a化肥减施增效技术社会经济效果评价指标体系构建及应用研究@Ahua fei jian shi zeng xiao ji shu she hui jing ji xiao guo ping jia zhi biao ti xi gou jian ji ying yong yan jiu@f罗良国等著
210    @a北京@c中国农业科学技术出版社@d2021.12
215    @a124页@c图@d24cm
320    @a有书目 (第120-124页)
330    @a本书通过文献分析, 结合农业领域专家咨询, 建立化肥减施增效技术应用社会经济效果评估通适指标体系和稻菜果茶化肥减施增效技术社会经济效果评估指标体系及其赋权, 以案例形式进行了实证试评价, 提出了基于案例受评化肥减施增效技术模式综合效果从高到低排序结果、对标专项项目目标受评化肥减施增效技术模式应用的契合协调度以及相关启示性政策建议。
606 0  @a化学肥料@Ahua xue fei liao@x施肥@x经济效果@x经济评价@x研究@y中国
690    @aS143@v5
701  0 @a罗良国@Aluo liang guo@4著
801  0 @aCN@bBJXHZP@c20230222
905    @b1394648-51@dS143@e145@f4
    
    化肥减施增效技术社会经济效果评价指标体系构建及应用研究/罗良国等著.-北京:中国农业科学技术出版社,2021.12
    124页:图;24cm
    
    
    ISBN 978-7-5116-5621-6:CNY65.00
    本书通过文献分析, 结合农业领域专家咨询, 建立化肥减施增效技术应用社会经济效果评估通适指标体系和稻菜果茶化肥减施增效技术社会经济效果评估指标体系及其赋权, 以案例形式进行了实证试评价, 提出了基于案例受评化肥减施增效技术模式综合效果从高到低排序结果、对标专项项目目标受评化肥减施增效技术模式应用的契合协调度以及相关启示性政策建议。
●
相关链接 在E读中查询图书 在五车中查询图书 在当当中查询图书 在豆瓣中查询图书


正题名:化肥减施增效技术社会经济效果评价指标体系构建及应用研究     索取号:S143/145         预约/预借

序号 登录号 条形码 馆藏地/架位号 状态 备注
1 1394648   213946480   第二样本阅览室/ [索取号:S143/145] 在馆    
2 1394649   213946499   第三借阅区/ [索取号:S143/145] 在馆    
3 1394650   213946505   第三借阅区/ [索取号:S143/145] 在馆    
4 1394651   213946514   第三借阅区/ [索取号:S143/145] 在馆    
唐山师范学院图书馆 欢迎您!
大连网信软件有限公司© 版权所有